| 000 | 01000nmc a2200349 a 4500 | ||
|---|---|---|---|
| 003 | AR-BaBNM | ||
| 005 | 20251128205944.0 | ||
| 008 | 118019s1996 ||||||||||||||000 | spa|| | ||
| 020 | _a950-23-0631-7 | ||
| 040 | _cAR-BaBNM | ||
| 100 | 1 | _aFernández Cirelli, Alicia | |
| 245 | 1 | 0 | _aEl emprendedor tecnológico, o, El conocimiento como empresa |
| 246 | 1 | _aEl conocimiento como empresa | |
| 250 | _a1ª ed. | ||
| 260 |
_aBuenos Aires _bEudeba _c1996 |
||
| 300 | 0 |
_a123 p. _bgráfs. |
|
| 490 | 0 | _aUniversidad y Empresa | |
| 504 | _aContiene referencias bibliográficas en p. 121-123 | ||
| 650 | 4 | _aPOLITICA CIENTIFICA | |
| 650 | 4 | _aPOLITICA INDUSTRIAL | |
| 650 | 4 | _aMODELOS ECONOMICOS | |
| 650 | 4 | _aECONOMIA DE LA EMPRESA | |
| 650 | 4 | _aINVESTIGACION CIENTIFICA | |
| 650 | 4 | _aMETODOLOGIA | |
| 650 | 4 | _aINVESTIGACION ECONOMICA | |
| 650 | 4 | _aTECNOLOGIA | |
| 651 | 4 | _aAmérica Latina | |
| 700 | 1 | _aDurante, Rola | |
| 700 | 1 | _aLesser, Ricardo | |
| 942 | _cBK | ||
| 998 | _cMARTIN | ||
| 999 |
_c13467 _d13467 |
||